000 00478nam a2200181Ia 4500
003 GCL
008 140319s9999 xx 000 0 eng d
040 _aGCL /
_cGCL
082 0 4 _a423
_bG N
100 1 _aGEDDS AND GROMET
245 1 0 _aNEW ENGLISH DICTIONARY AND THESAURS /
_cGEDDS AND GROMET
260 _a[S.N] :
_bGEDDES,GROSSET ،
_c1994
300 _a1008 P
650 0 4 _aENGLISH DICTIONARY
650 0 4 _aDICTIONARIES
650 0 4 _aENGLISH LANGUAGE
942 _2ddc
_cBK
999 _c11618
_d11618